| 000 | 00353nam a2200121Ia 4500 | ||
|---|---|---|---|
| 008 | 231129s9999||||xx |||||||||||||| ||spa|| | ||
| 040 | _bspa | ||
| 082 | _a(EN PROCESO DE DESCARTE) VOL.1 Y 2 370.1 G283f | ||
| 100 | _aGaviria E. Nicolás | ||
| 245 | 0 | _aFilosofia e Historia de la Educación | |
| 264 | _aColombia Medellín: Bedout | ||
| 942 |
_2ddc _cBKS |
||
| 999 |
_c13973 _d13973 |
||